Sudden Death - Finden Sie die größten Länder - Statistiken

Allgemein
  • Dieses Quiz wurde 606 mal gespielt
  • Das Durchschnittsergebnis liegt bei 5 aus 11
Answers on the Grid
Answers color-coded by a green-red scale on the quiz's grid according to % correct below.
Montenegro🇲🇪
Albanien🇦🇱
Bosnien-Herzegowina🇧🇦
Serbien🇷🇸
Kroatien🇭🇷
Rumänien🇷🇴
Bulgarien🇧🇬
Ungarn🇭🇺
Simbabwe🇿🇼
Mosambik🇲🇿
El Salvador🇸🇻
Panama🇵🇦
Slowakei🇸🇰
Bhutan🇧🇹
Philippinen🇵🇭
Israel🇮🇱
Libanon🇱🇧
Oman🇴🇲
Österreich🇦🇹
Lettland🇱🇻
Estland🇪🇪
Litauen🇱🇹
 
Antwortstatistiken
Antwort % Korrekt
Rumänien🇷🇴
71%
Philippinen🇵🇭
61%
Bulgarien🇧🇬
58%
Mosambik🇲🇿
52%
Ungarn🇭🇺
47%
Oman🇴🇲
44%
Simbabwe🇿🇼
39%
Österreich🇦🇹
38%
Serbien🇷🇸
30%
Litauen🇱🇹
10%
Panama🇵🇦
9%
Keine übereinstimmenden Quizze gefunden
Verteilung der Resultate
Anzahl Personen mit jedem Resultat
Perzentil nach korrekt beantworteten Fragen
Ihre Resultats-Entwicklung
Sie haben dieses Quiz noch nicht gespielt